Digital computer fundamentals (Record no. 66859)

000 -LEADER
fixed length control field 00478nam a22001817a 4500
003 - CONTROL NUMBER IDENTIFIER
control field NUST - PNEC
005 - DATE AND TIME OF LATEST TRANSACTION
control field 20170116181005.0
008 - FIXED-LENGTH DATA ELEMENTS--GENERAL INFORMATION
fixed length control field 150908b xxu||||| |||| 00| 0 eng d
020 ## - INTERNATIONAL STANDARD BOOK NUMBER
International Standard Book Number 0070038996
040 ## - CATALOGING SOURCE
Transcribing agency LIBRARY
082 ## - DEWEY DECIMAL CLASSIFICATION NUMBER
Classification number 004 BAR
100 ## - MAIN ENTRY--PERSONAL NAME
9 (RLIN) 11766
Personal name Bartee, Thomas C.
245 ## - TITLE STATEMENT
Title Digital computer fundamentals
Statement of responsibility, etc. Thomas C. Bartee
250 ## - EDITION STATEMENT
Edition statement 6th ed.
260 ## - PUBLICATION, DISTRIBUTION, ETC.
Date of publication, distribution, etc. c.1985
650 ## - SUBJECT ADDED ENTRY--TOPICAL TERM
9 (RLIN) 16617
Topical term or geographic name entry element Digital Computer
General subdivision MIS
Topical term following geographic name entry element MIS> Computer Science
942 ## - ADDED ENTRY ELEMENTS (KOHA)
Source of classification or shelving scheme
Koha item type Book
Holdings
Withdrawn status Lost status Source of classification or shelving scheme Damaged status Not for loan Permanent Location Current Location Shelving location Date acquired Total Checkouts Full call number Barcode Date last seen Price effective from Koha item type
          Pakistan Navy Engineering College (PNEC) Pakistan Navy Engineering College (PNEC)       004 BAR PNECLIB-011800 09/12/2015   Book
          Pakistan Navy Engineering College (PNEC) Pakistan Navy Engineering College (PNEC)       001.64 BAR PNECLIB-008182 09/15/2015   Book
© 2023 Central Library, National University of Sciences and Technology. All Rights Reserved.